[Event "Schachfestival 2014 - Senioren"]
[Site "Woerishofen Bad"]
[Date "2014.03.27"]
[Round "7.41"]
[White "Lubberich, Alfred"]
[Black "Aufmwasser, Guenter"]
[Result "0-1"]
[WhiteElo "1892"]
[BlackElo "1704"]
[PlyCount "66"]
[EventDate "2014.03.21"]
[EventType "swiss"]
[EventCountry "GER"]
[WhiteTeam "Schachgemeinschaft Nettetal 1929"]
[BlackTeam "Schachverein 1922 Hilden"]
[WhiteTeamCountry "GER"]
[BlackTeamCountry "GER"]

1. Nf3 d6 2. d4 g6 3. c4 Bg7 4. Nc3 Nf6 5. e4 O-O 6. Be2 Nbd7 7. O-O e5 8. h3
c6 9. Be3 Kh8 10. Rc1 Ng8 11. dxe5 dxe5 12. Qd2 Qe8 13. Ne1 f6 14. f3 Rf7 15.
Nd3 f5 16. Qc2 f4 17. Bf2 g5 18. b4 Nf8 19. b5 Ne6 20. bxc6 bxc6 21. Na4 Ne7
22. Ndc5 Ng6 23. Nxe6 Bxe6 24. Nc5 Bxh3 25. gxh3 Bf8 26. Rfd1 Qc8 27. Bf1 h5
28. Qe2 Rg7 29. Nd3 Be7 30. Bg2 Qc7 31. Nc5 Bxc5 32. Bxc5 Rag8 33. Bd6 Qc8 0-1

[Event "Schachfestival 2014 - Senioren"]
[Site "Woerishofen Bad"]
[Date "2014.03.27"]
[Round "7.54"]
[White "Mittenzwei, Ingo"]
[Black "Aust, Werner"]
[Result "1-0"]
[WhiteElo "1598"]
[BlackElo "1725"]
[PlyCount "91"]
[EventDate "2014.03.21"]
[EventType "swiss"]
[EventCountry "GER"]
[WhiteTeam "Schachklub Sülz-Klettenberg"]
[BlackTeam "Schachverein Eichlinghofen 1935"]
[WhiteTeamCountry "GER"]
[BlackTeamCountry "GER"]

1. d4 e5 2. d5 Nf6 3. Bg5 Be7 4. e3 Nxd5 5. Qxd5 Bxg5 6. Qxe5+ Be7 7. Nd2 Nc6
8. Qe4 d5 9. Qf3 Bf6 10. O-O-O Be6 11. Nb3 Qd7 12. Ne2 Ne5 13. Qg3 Qe7 14. Ned4
O-O 15. Nxe6 fxe6 16. h4 Nf7 17. f4 Nh6 18. h5 b6 19. Qf3 c5 20. g4 c4 21. Nd4
Rac8 22. c3 a6 23. g5 Bxg5 24. Bh3 Nf5 25. Nxf5 Qc5 26. Nd4 Rce8 27. Bxe6+ Kh8
28. Qg4 Bf6 29. f5 Qd6 30. h6 Re7 31. Rdg1 Qc7 32. Qg3 Be5 33. Qg4 Bf6 34. Qh5
Qb7 35. Qf3 Rd8 36. Qg4 Rf8 37. Qf3 Rd8 38. Qg2 b5 39. a3 a5 40. Qd2 Rg8 41.
Qh2 Rd8 42. Nc6 Rde8 43. Nxe7 Rxe7 44. hxg7+ Rxg7 45. Rxg7 Qxg7 46. Qb8+ 1-0

[Event "Schachfestival 2014 - Senioren"]
[Site "Woerishofen Bad"]
[Date "2014.03.27"]
[Round "7.25"]
[White "Meul, Willi"]
[Black "Oud, Niek"]
[Result "1/2-1/2"]
[WhiteElo "1880"]
[BlackElo "2000"]
[PlyCount "45"]
[EventDate "2014.03.21"]
[EventType "swiss"]
[EventCountry "GER"]
[WhiteTeam "Schachverein 1925 Hürth-Berrenra"]
[BlackTeam "VAS"]
[WhiteTeamCountry "GER"]
[BlackTeamCountry "NED"]

1. d4 Nf6 2. Nf3 d5 3. e3 c6 4. Bd3 Bg4 5. c4 e6 6. Qb3 Qb6 7. c5 Qxb3 8. axb3
Nbd7 9. Nbd2 Be7 10. b4 O-O 11. O-O b6 12. Nb3 Rfe8 13. Bd2 Ne4 14. Bc3 b5 15.
Ra6 Rec8 16. Rfa1 Bxf3 17. gxf3 Nxc3 18. bxc3 Rc7 19. e4 Bd8 20. Kg2 Nb8 21.
R6a2 Re7 22. e5 f5 23. f4 1/2-1/2

[Event "Schachfestival 2014 - Senioren"]
[Site "Woerishofen Bad"]
[Date "2014.03.27"]
[Round "7.2"]
[White "Bhend, Edwin"]
[Black "Neese, Hans Joachim"]
[Result "1/2-1/2"]
[WhiteElo "2200"]
[BlackElo "2172"]
[PlyCount "85"]
[EventDate "2014.03.21"]
[EventType "swiss"]
[EventCountry "GER"]
[WhiteTeam "Trümmerfeld"]
[BlackTeam "Schachverein Hennef 1927 e.V."]
[WhiteTeamCountry "SUI"]
[BlackTeamCountry "GER"]

1. Nf3 Nf6 2. b3 g6 3. Bb2 Bg7 4. e4 d6 5. d3 c5 6. Nbd2 Nc6 7. Be2 Bd7 8. O-O
O-O 9. Re1 b5 10. a3 Qb6 11. Rb1 e5 12. g3 Ne8 13. Nf1 f5 14. exf5 gxf5 15. Ne3
Ne7 16. Ng2 Ng6 17. Nfh4 Nxh4 18. Nxh4 Nf6 19. Bf1 Rae8 20. Qd2 Qd8 21. Qg5 Ng4
22. Qxd8 Rxd8 23. Bg2 Bf6 24. Bd5+ Kg7 25. Ng2 Rde8 26. h3 Nh6 27. f4 Nf7 28.
Kf2 Re7 29. Re2 Rfe8 30. Rbe1 Nd8 31. Bf3 Nc6 32. Ne3 Nd4 33. Bxd4 exd4 34. Nd5
Rxe2+ 35. Rxe2 Rxe2+ 36. Kxe2 Bd8 37. c4 dxc3 38. Nxc3 Bf6 39. Kd2 a5 40. Bd5
Bd4 41. Bf3 Bf2 42. Ne2 h5 43. h4 1/2-1/2

[Event "Schachfestival 2014 - Senioren"]
[Site "Woerishofen Bad"]
[Date "2014.03.27"]
[Round "7.43"]
[White "Wagner, Gerhard"]
[Black "Klimpel, Siegfried"]
[Result "0-1"]
[WhiteElo "1795"]
[BlackElo "1860"]
[PlyCount "74"]
[EventDate "2014.03.21"]
[EventType "swiss"]
[EventCountry "GER"]
[WhiteTeam "Sportfr.Windach e.V.1923"]
[BlackTeam "TSV Kareth-Lappersdorf"]
[WhiteTeamCountry "GER"]
[BlackTeamCountry "GER"]

1. e4 c5 2. d4 cxd4 3. c3 dxc3 4. Nxc3 Nc6 5. Nf3 e6 6. Bc4 a6 7. a4 Nge7 8.
Bg5 f6 9. Bh4 Ng6 10. O-O Nxh4 11. Nxh4 Ne5 12. Ba2 Nf7 13. Re1 Bc5 14. Qe2 b6
15. Rad1 Qe7 16. Kh1 O-O 17. f4 Kh8 18. Qh5 Nh6 19. f5 Bf2 20. Rf1 Bxh4 21.
Qxh4 Bb7 22. fxe6 dxe6 23. Qh3 Rfe8 24. Bb1 Rad8 25. Qe3 Rxd1 26. Rxd1 Qc7 27.
Kg1 Ng4 28. Qg3 Qc5+ 29. Kf1 Ne3+ 30. Ke2 Nxd1 31. Kxd1 Rd8+ 32. Ke1 Qd6 33.
Qe3 Qb4 34. Qe2 Qd4 35. Kf1 Qd2 36. Kf2 Qf4+ 37. Ke1 Qc1+ 0-1

[Event "Schachfestival 2014 - Senioren"]
[Site "Woerishofen Bad"]
[Date "2014.03.27"]
[Round "7.30"]
[White "Aigner, Georg"]
[Black "Kearsley, Raymond J"]
[Result "0-1"]
[WhiteElo "1894"]
[BlackElo "1700"]
[PlyCount "72"]
[EventDate "2014.03.21"]
[EventType "swiss"]
[EventCountry "GER"]
[WhiteTeam "TSV Dietfurt/Altm. e.V."]
[BlackTeam "Wimbledon"]
[WhiteTeamCountry "AUT"]
[BlackTeamCountry "ENG"]

1. e4 c5 2. Nf3 e6 3. d4 cxd4 4. Nxd4 Bc5 5. Nb3 Bb6 6. Nc3 Nc6 7. Bd3 Nge7 8.
Qe2 O-O 9. Be3 Bxe3 10. Qxe3 d5 11. exd5 exd5 12. Qg3 Nf5 13. Bxf5 Bxf5 14.
O-O-O d4 15. Qf4 Bg6 16. Nxd4 Qa5 17. Nxc6 bxc6 18. h4 f6 19. Rd7 Bf7 20. Qa4
Qb6 21. Nd1 Rfd8 22. Rxd8+ Rxd8 23. c3 Rd5 24. Qg4 f5 25. Qe2 Qa5 26. b3 Re5
27. Qc2 f4 28. c4 Qa3+ 29. Qb2 Qe7 30. Nc3 Bh5 31. f3 Bg6 32. Rd1 Re3 33. Ne4
Bxe4 34. fxe4 Rxe4 35. Rd2 Qxh4 36. Rf2 Re1+ 0-1

[Event "Schachfestival 2014 - Senioren"]
[Site "Woerishofen Bad"]
[Date "2014.03.28"]
[Round "8.11"]
[White "Di Lazzaro, Gabriele"]
[Black "Eichler, Gottfried"]
[Result "1/2-1/2"]
[WhiteElo "1936"]
[BlackElo "2030"]
[PlyCount "24"]
[EventDate "2014.03.21"]
[EventType "swiss"]
[EventCountry "GER"]
[BlackTeam "MTV Dannenberg"]
[BlackTeamCountry "GER"]

1. d4 e6 2. e4 c5 3. Nf3 cxd4 4. Nxd4 Nf6 5. Bd3 Nc6 6. Be3 Be7 7. O-O d6 8.
Nxc6 bxc6 9. Nc3 e5 10. Bc4 O-O 11. f3 Be6 12. Bxe6 fxe6 1/2-1/2

[Event "Schachfestival 2014 - Senioren"]
[Site "Woerishofen Bad"]
[Date "2014.03.28"]
[Round "8.55"]
[White "Bretscher, Robert"]
[Black "Kuhn, Hans"]
[Result "1-0"]
[WhiteElo "1631"]
[BlackElo "1561"]
[PlyCount "91"]
[EventDate "2014.03.21"]
[EventType "swiss"]
[EventCountry "GER"]
[WhiteTeam "Roche Basel"]
[WhiteTeamCountry "SUI"]

1. e4 e5 2. Nf3 d6 3. d4 exd4 4. Nxd4 Nf6 5. Nc3 a6 6. Bc4 Nbd7 7. O-O Be7 8.
Re1 O-O 9. Nd5 Nxd5 10. Bxd5 Nf6 11. Bb3 c5 12. Nf3 Bg4 13. h3 Bxf3 14. Qxf3
Qc7 15. c3 Rae8 16. Bc2 Nd7 17. Bf4 Ne5 18. Qg3 Ng6 19. Be3 Bf6 20. f4 Bh4 21.
Qg4 Bxe1 22. Rxe1 Qc8 23. f5 Ne5 24. Qg3 Qd8 25. Bg5 f6 26. Bh6 Re7 27. Rd1 Kh8
28. Bf4 g5 29. fxg6 Rg7 30. Be3 Rxg6 31. Qf2 Rfg8 32. Bxc5 Nc4 33. Bb3 b5 34.
Bd4 Qd7 35. Bxf6+ R8g7 36. Bxg7+ Kxg7 37. Rd3 Qe6 38. Qf5 Qxf5 39. exf5 Rf6 40.
Bxc4 bxc4 41. Rf3 Kf7 42. g4 h6 43. Kf2 Ke7 44. Ke3 d5 45. Kd4 Kd6 46. Re3 1-0

[Event "Schachfestival 2014 - Senioren"]
[Site "Woerishofen Bad"]
[Date "2014.03.28"]
[Round "8.7"]
[White "Ziltener, Werner"]
[Black "Lainburg, Viktor"]
[Result "0-1"]
[WhiteElo "2005"]
[BlackElo "2188"]
[PlyCount "108"]
[EventDate "2014.03.21"]
[EventType "swiss"]
[EventCountry "GER"]
[BlackTeam "SC Weisse Dame Ulm e.V."]
[BlackTeamCountry "GER"]

1. d4 d5 2. c4 e6 3. Nf3 Nf6 4. Nc3 c5 5. Bf4 cxd4 6. Nxd4 Nbd7 7. Qa4 Bc5 8.
cxd5 exd5 9. e3 O-O 10. Be2 Nb6 11. Qc2 Bxd4 12. exd4 Be6 13. O-O Rc8 14. Bd3
h6 15. Rfe1 Re8 16. h3 Nc4 17. Qb3 Qd7 18. Be5 Nh7 19. Qb5 Nf8 20. Bg3 a6 21.
Qxd7 Nxd7 22. Bxc4 dxc4 23. Ne4 Bd5 24. Nd6 Rxe1+ 25. Rxe1 Rd8 26. Nf5 Be6 27.
Bc7 Ra8 28. Ne3 Rc8 29. Bg3 Nb6 30. a3 c3 31. bxc3 Rxc3 32. Bd6 Nc4 33. Bb4 Rd3
34. Rd1 Rxd1+ 35. Nxd1 Nb6 36. Kf1 Nd5 37. Bd6 f6 38. Ke2 Kf7 39. Ne3 Nxe3 40.
fxe3 Bd5 41. g3 h5 42. h4 Ke6 43. Bf8 g5 44. Bh6 Kf5 45. hxg5 fxg5 46. Bg7 b5
47. Be5 a5 48. Bc7 b4 49. axb4 axb4 50. Bd6 b3 51. Ba3 Kg4 52. Kf2 Kh3 53. Bc1
Kh2 54. Ba3 g4 0-1

[Event "Schachfestival 2014 - Senioren"]
[Site "Woerishofen Bad"]
[Date "2014.03.28"]
[Round "8.21"]
[White "Braeu, Ludwig"]
[Black "Goris Schouwstra, Adri"]
[Result "1-0"]
[WhiteElo "1958"]
[BlackElo "1886"]
[PlyCount "103"]
[EventDate "2014.03.21"]
[EventType "swiss"]
[EventCountry "GER"]
[WhiteTeam "SK Marktoberdorf"]
[WhiteTeamCountry "GER"]

1. c4 c5 2. g3 Nc6 3. Bg2 Qc7 4. Nc3 Nf6 5. e4 d6 6. Nge2 e5 7. O-O a6 8. d3
Be7 9. h3 Be6 10. f4 exf4 11. Bxf4 O-O 12. Kh2 Ne5 13. b3 Ng6 14. Be3 Rad8 15.
d4 cxd4 16. Qxd4 h6 17. Rae1 Nd7 18. Qd2 Kh7 19. Nd4 Bf6 20. Nf5 Be5 21. Nd5
Qb8 22. Bf3 Nh8 23. Kg2 Nf6 24. Nxg7 Nxd5 25. exd5 Bxh3+ 26. Kxh3 Bxg7 27. Be4+
Ng6 28. Bd4 Qc7 29. Bf6 Rde8 30. Qd3 Rg8 31. Re2 Bxf6 32. Rxf6 Kg7 33. Bxg6
Kxf6 34. Rf2+ Kg7 35. Rxf7+ Qxf7 36. Bxf7 Kxf7 37. Qf5+ Kg7 38. Qd7+ Kh8 39.
Qxd6 Kh7 40. Qd7+ Kh8 41. d6 Re3 42. Qf7 Rexg3+ 43. Kh4 Rg2 44. Qf4 R8g7 45. c5
h5 46. Kh3 Rg1 47. Qf3 h4 48. Qh5+ Kg8 49. Qe8+ Kh7 50. Qh5+ Kg8 51. Qd5+ Kh7
52. d7 1-0

[Event "Schachfestival 2014 - Senioren"]
[Site "Woerishofen Bad"]
[Date "2014.03.28"]
[Round "8.33"]
[White "Taufratshofer, Martin"]
[Black "Boettcher, Ulrich"]
[Result "1/2-1/2"]
[WhiteElo "1990"]
[BlackElo "2078"]
[PlyCount "56"]
[EventDate "2014.03.21"]
[EventType "swiss"]
[EventCountry "GER"]
[WhiteTeam "SK Obergünzburg"]
[WhiteTeamCountry "GER"]

1. e4 c5 2. c3 e6 3. Bb5 Nf6 4. d3 Be7 5. Nf3 O-O 6. O-O a6 7. Ba4 d6 8. Re1 b5
9. Bc2 e5 10. Nbd2 Bg4 11. h3 Bh5 12. Nf1 Ne8 13. g4 Bg6 14. Ng3 Nc6 15. Be3
Nc7 16. Nf5 Bxf5 17. gxf5 d5 18. Qe2 d4 19. cxd4 cxd4 20. Bd2 Ne8 21. Kh2 Kh8
22. Rg1 Rc8 23. Bb3 Na5 24. Bd5 Nf6 25. Qe1 b4 26. Bb3 Nxb3 27. axb3 Qb6 28.
Rc1 Rxc1 1/2-1/2

[Event "Schachfestival 2014 - Senioren"]
[Site "Woerishofen Bad"]
[Date "2014.03.28"]
[Round "8.56"]
[White "Dittmann, Heinz"]
[Black "Eigenmann, Christina"]
[Result "0-1"]
[WhiteElo "1564"]
[BlackElo "1809"]
[PlyCount "66"]
[EventDate "2014.03.21"]
[EventType "swiss"]
[EventCountry "GER"]
[WhiteTeam "Schachgemeinschaft Nettetal 1929"]
[WhiteTeamCountry "GER"]

1. d4 d5 2. c4 e6 3. e3 Nf6 4. Nc3 c6 5. Nf3 Be7 6. Bd3 O-O 7. O-O Nbd7 8. cxd5
exd5 9. Re1 Bb4 10. Qc2 Re8 11. a3 Bxc3 12. bxc3 Ne4 13. h3 Nf8 14. Bf1 Bf5 15.
Bb2 Qf6 16. g4 Bxg4 17. hxg4 Qxf3 18. Bg2 Qf6 19. c4 Ng5 20. e4 Nf3+ 21. Bxf3
Qxf3 22. Re3 Qxg4+ 23. Rg3 Qxe4 24. Qc3 Ng6 25. cxd5 Nf4 26. Qf3 Ne2+ 27. Kg2
Nxg3 28. Kxg3 Qg6+ 29. Kh2 Qh6+ 30. Kg2 Qg5+ 31. Kf1 Qxd5 32. Qg3 Re6 33. Re1
Qh1+ 0-1

[Event "Schachfestival 2014 - Senioren"]
[Site "Woerishofen Bad"]
[Date "2014.03.28"]
[Round "8.54"]
[White "Buss, Richard"]
[Black "Westermayer, Johann"]
[Result "1/2-1/2"]
[WhiteElo "1628"]
[BlackElo "1643"]
[PlyCount "98"]
[EventDate "2014.03.21"]
[EventType "swiss"]
[EventCountry "GER"]
[WhiteTeam "VfR Heisfelde e.V."]
[WhiteTeamCountry "GER"]

1. e4 c5 2. Nf3 g6 3. Bc4 Bg7 4. c3 Nc6 5. a3 d6 6. d3 e6 7. Bg5 Qc7 8. Nbd2 h6
9. Be3 b6 10. O-O Nge7 11. Re1 O-O 12. Qc1 Bb7 13. d4 d5 14. exd5 exd5 15. Bd3
Kh7 16. dxc5 bxc5 17. Bxc5 Rae8 18. Bxe7 Rxe7 19. Rxe7 Qxe7 20. Qc2 Re8 21. Re1
Qd8 22. Rxe8 Qxe8 23. Kf1 Ne5 24. Nxe5 Bxe5 25. Nf3 Bg7 26. Qe2 Qe6 27. Qxe6
fxe6 28. Nd4 e5 29. Ne6 Bf6 30. Nf8+ Kg7 31. Ne6+ Kf7 32. Nc5 Bc8 33. h3 g5 34.
f3 Be7 35. Nb3 Bd7 36. Nd2 a5 37. Ke1 Bc5 38. Nb3 Bb6 39. Nd2 Ke6 40. b3 Kd6
41. c4 Bc6 42. cxd5 Bxd5 43. Nc4+ Bxc4 44. Bxc4 Kc5 45. a4 Kd6 46. g4 Kc5 47.
Kd2 Kd4 48. Kc2 Bd8 49. Bd3 Bc7 1/2-1/2

[Event "Schachfestival 2014 - Senioren"]
[Site "Woerishofen Bad"]
[Date "2014.03.28"]
[Round "8.28"]
[White "Wawrinsky, Ludwig"]
[Black "Krotofil, Kurt"]
[Result "0-1"]
[WhiteElo "1817"]
[BlackElo "1914"]
[PlyCount "88"]
[EventDate "2014.03.21"]
[EventType "swiss"]
[EventCountry "GER"]
[WhiteTeam "1.Schachklub Neuperlach e.V."]
[BlackTeam "Niendorfer TSV 1919 SAbt"]
[WhiteTeamCountry "GER"]
[BlackTeamCountry "GER"]

1. e4 c5 2. d3 Nc6 3. g3 g6 4. Bg2 Bg7 5. f4 d6 6. Nf3 e6 7. O-O Nge7 8. c3 d5
9. e5 d4 10. c4 O-O 11. Re1 a6 12. Nbd2 b5 13. b3 bxc4 14. Nxc4 Nd5 15. Bb2 a5
16. Nfd2 Ncb4 17. Ne4 Qe7 18. a3 Nc6 19. Qc1 Rb8 20. Ncd2 Ne3 21. Nf6+ Bxf6 22.
exf6 Qb7 23. Bf3 Qb5 24. a4 Qb6 25. Nc4 Nxc4 26. dxc4 Nb4 27. f5 Qd8 28. Qg5
exf5 29. Re7 Qd6 30. Rae1 Rb6 31. Bc1 Qxf6 32. Qxf6 Rxf6 33. Bh6 Re6 34. R7xe6
fxe6 35. Bxf8 Kxf8 36. Re5 Nd3 37. Re2 e5 38. Bd5 e4 39. g4 Nf4 40. Rf2 Nh3+
41. Kg2 Nxf2 42. Kxf2 e3+ 43. Kg3 fxg4 44. Be4 Bf5 0-1

[Event "Schachfestival 2014 - Senioren"]
[Site "Woerishofen Bad"]
[Date "2014.03.28"]
[Round "8.19"]
[White "Kearsley, Raymond J"]
[Black "Klempt, Guenter"]
[Result "1/2-1/2"]
[WhiteElo "1700"]
[BlackElo "2052"]
[PlyCount "61"]
[EventDate "2014.03.21"]
[EventType "swiss"]
[EventCountry "GER"]
[WhiteTeam "Wimbledon"]
[BlackTeam "Bochumer Schachverein 02"]
[WhiteTeamCountry "ENG"]
[BlackTeamCountry "GER"]

1. e4 c5 2. Nf3 Nc6 3. Bb5 g6 4. c3 Bg7 5. O-O Nf6 6. Re1 O-O 7. d4 cxd4 8.
cxd4 a6 9. Ba4 b5 10. Bb3 d6 11. h3 Bb7 12. Bg5 h6 13. Bh4 Na5 14. Nc3 Nxb3 15.
Qxb3 g5 16. Bg3 d5 17. exd5 Nxd5 18. Ne4 Nf4 19. Qe3 Ne6 20. Rad1 Nc7 21. Ne5
Nd5 22. Qb3 Rc8 23. Nc5 Rc7 24. Ned3 Nf4 25. Nxb7 Rxb7 26. Nxf4 gxf4 27. Bxf4
Rd7 28. Be5 Qb6 29. Bxg7 Kxg7 30. d5 Rfd8 31. Qc3+ 1/2-1/2

[Event "Schachfestival 2014 - Senioren"]
[Site "Woerishofen Bad"]
[Date "2014.03.28"]
[Round "8.41"]
[White "Blosze, Winfried"]
[Black "Bartlitz, Heinz"]
[Result "1-0"]
[WhiteElo "1857"]
[BlackElo "1750"]
[PlyCount "81"]
[EventDate "2014.03.21"]
[EventType "swiss"]
[EventCountry "GER"]
[WhiteTeam "SV Königsspringer 1929 Grossauheim"]
[BlackTeam "Bramfelder SK 1947 e.V."]
[WhiteTeamCountry "GER"]
[BlackTeamCountry "GER"]

1. e4 g6 2. d4 Bg7 3. c3 d6 4. Bd3 Nf6 5. Ne2 a6 6. O-O O-O 7. Kh1 e5 8. Na3 b5
9. Nc2 Bb7 10. f3 Nbd7 11. Ng3 c5 12. d5 Kh8 13. Bg5 h6 14. Be3 Nh7 15. a4 bxa4
16. Rxa4 Nb6 17. Ra2 c4 18. Be2 f5 19. exf5 gxf5 20. f4 Nxd5 21. Nh5 Rg8 22.
Nxg7 Rxg7 23. Bf3 Nxe3 24. Nxe3 Bxf3 25. Qxf3 e4 26. Qe2 d5 27. Nxf5 Rg6 28.
Ne3 Nf6 29. g3 Qd7 30. Rd1 Qh3 31. Qg2 Rxg3 32. Qxg3 Qe6 33. Qg6 Qe7 34. Qxh6+
Nh7 35. Nxd5 Qd7 36. Raa1 e3 37. Nxe3 Qb7+ 38. Nd5 Qxb2 39. Nf6 Qc2 40. Qxh7+
Qxh7 41. Nxh7 1-0

[Event "Schachfestival 2014 - Senioren"]
[Site "Woerishofen Bad"]
[Date "2014.03.28"]
[Round "8.42"]
[White "Mircoli, Filippo"]
[Black "Dombrowe, Eckehard"]
[Result "0-1"]
[WhiteElo "1674"]
[BlackElo "1828"]
[PlyCount "132"]
[EventDate "2014.03.21"]
[EventType "swiss"]
[EventCountry "GER"]
[WhiteTeam "Castelfidardo"]
[BlackTeam "Schachgemeinschaft Nettetal 1929"]
[WhiteTeamCountry "ITA"]
[BlackTeamCountry "GER"]

1. e4 e5 2. Nf3 Nf6 3. Nc3 d6 4. d4 Nbd7 5. dxe5 dxe5 6. Bc4 Bb4 7. O-O Bxc3 8.
bxc3 O-O 9. Bg5 h6 10. Bh4 Qe8 11. Re1 Nb6 12. Bb3 Qe7 13. Qd3 Rd8 14. Qe2 Bg4
15. Qe3 c5 16. c4 Bd7 17. h3 Bc6 18. g4 Nbd7 19. g5 hxg5 20. Qxg5 Qe6 21. Qg2
Re8 22. Ng5 Qe7 23. c3 Nh7 24. Kh2 Qf6 25. Nf3 Qe6 26. Rg1 g6 27. Nd2 Ndf6 28.
f3 Nh5 29. Bg3 Nxg3 30. Qxg3 Nf6 31. Nf1 Nh5 32. Qg4 Nf4 33. Ne3 Bd7 34. Nd5
Qc6 35. Qh4 Nxd5 36. cxd5 Qd6 37. Rg3 Kg7 38. Qg5 Qf6 39. a4 Qxg5 40. Rxg5 f6
41. Rg3 Rh8 42. Kg2 Rh4 43. Bc4 f5 44. Bd3 f4 45. Rg4 Bxg4 46. fxg4 Rah8 47.
Rh1 g5 48. Bf1 Kf6 49. Kf2 Ke7 50. Ke2 Kd6 51. Kd3 R4h7 52. Rh2 Rb8 53. Kc4 a6
54. Rb2 b5+ 55. Kd3 Rhb7 56. a5 c4+ 57. Kc2 Kc5 58. Rb4 Rf7 59. Kd2 f3 60. Ke3
Rbf8 61. Kf2 Rf4 62. Ke3 f2 63. Rb1 Rf3+ 64. Kd2 R8f4 65. Rc1 Rg3 66. Rd1 Rxe4
0-1

[Event "Schachfestival 2014 - Senioren"]
[Site "Woerishofen Bad"]
[Date "2014.03.28"]
[Round "8.52"]
[White "Collins, Alan"]
[Black "Koppenhoefer, Heinz"]
[Result "1-0"]
[WhiteElo "1732"]
[BlackElo "1710"]
[PlyCount "65"]
[EventDate "2014.03.21"]
[EventType "swiss"]
[EventCountry "GER"]
[WhiteTeam "Cowley"]
[BlackTeam "TSV Solln Schachabteilung"]
[WhiteTeamCountry "ENG"]
[BlackTeamCountry "GER"]

1. d4 d5 2. Nf3 Nf6 3. Bf4 Bf5 4. e3 e6 5. Be2 c5 6. c3 Nc6 7. Nh4 Bxb1 8. Rxb1
cxd4 9. exd4 Ne4 10. Nf3 Be7 11. O-O O-O 12. Nd2 Bg5 13. Bxg5 Nxg5 14. f4 Ne4
15. Nxe4 dxe4 16. Qc2 f5 17. Qb3 Qe7 18. Rfd1 Na5 19. Qb5 b6 20. d5 Rfd8 21.
dxe6 g6 22. b4 Nb7 23. Rd7 Rxd7 24. exd7 Kf8 25. Qd5 Rb8 26. Bc4 Kg7 27. Rd1
Nd8 28. Ba6 Kf6 29. Qd4+ Kf7 30. Bc4+ Ne6 31. Bxe6+ Kxe6 32. d8=Q Rxd8 33. Qxd8
1-0

[Event "Schachfestival 2014 - Senioren"]
[Site "Woerishofen Bad"]
[Date "2014.03.28"]
[Round "8.27"]
[White "Alefs, Heinz"]
[Black "Koenigl, Anton"]
[Result "0-1"]
[WhiteElo "1823"]
[BlackElo "1917"]
[PlyCount "58"]
[EventDate "2014.03.21"]
[EventType "swiss"]
[EventCountry "GER"]
[WhiteTeam "SC Eichenau"]
[BlackTeam "FC Ergolding 1932 e.V."]
[WhiteTeamCountry "GER"]
[BlackTeamCountry "GER"]

1. d4 Nf6 2. Nf3 g6 3. Nc3 Bg7 4. e4 d6 5. Be3 O-O 6. h3 c6 7. Qd2 b5 8. Bd3 a6
9. Bh6 Nbd7 10. g4 Nb6 11. b3 Qc7 12. Bf4 Qd7 13. O-O-O Bb7 14. Bg5 Rac8 15.
Rde1 Rfe8 16. Bh6 e5 17. Bxg7 Kxg7 18. dxe5 dxe5 19. Rd1 Qe7 20. Kb2 c5 21. g5
Nh5 22. Be2 Nf4 23. Qd6 b4 24. Qf6+ Qxf6 25. gxf6+ Kxf6 26. Rd6+ Re6 27. Rxe6+
fxe6 28. Bf1 bxc3+ 29. Kxc3 Bxe4 0-1

[Event "Schachfestival 2014 - Senioren"]
[Site "Woerishofen Bad"]
[Date "2014.03.28"]
[Round "8.44"]
[White "Gulinelli, Euro"]
[Black "Oser, Thor"]
[Result "1-0"]
[WhiteElo "1579"]
[BlackElo "1820"]
[PlyCount "71"]
[EventDate "2014.03.21"]
[EventType "swiss"]
[EventCountry "GER"]
[WhiteTeam "Faenza"]
[BlackTeam "SK 1929 Jöhlingen"]
[WhiteTeamCountry "ITA"]
[BlackTeamCountry "GER"]

1. e4 c5 2. b4 cxb4 3. a3 bxa3 4. Bxa3 a6 5. d4 d6 6. Nd2 g6 7. Ngf3 Bg7 8. Bd3
Nc6 9. c3 Nh6 10. O-O O-O 11. Re1 e5 12. d5 Na5 13. Bxd6 Qxd6 14. Rxa5 b6 15.
Nc4 Qb8 16. Ra1 b5 17. Na5 Bd7 18. Qe2 f5 19. c4 fxe4 20. Bxe4 Nf7 21. c5 Ra7
22. d6 Nxd6 23. cxd6 Qxd6 24. Red1 Qf6 25. Rac1 Bg4 26. Rc6 Qe7 27. Rdd6 Bc8
28. Qd2 Rc7 29. Qd5+ Kh8 30. Rxc7 Qxc7 31. Nc6 Bf5 32. Bxf5 Rxf5 33. Rd8+ Rf8
34. Rxf8+ Bxf8 35. Nfxe5 Bd6 36. Nf7+ 1-0

[Event "Schachfestival 2014 - Senioren"]
[Site "Woerishofen Bad"]
[Date "2014.03.28"]
[Round "8.2"]
[White "Goy, Udo"]
[Black "Witte, Manfred"]
[Result "1/2-1/2"]
[WhiteElo "2178"]
[BlackElo "2160"]
[PlyCount "152"]
[EventDate "2014.03.21"]
[EventType "swiss"]
[EventCountry "GER"]
[WhiteTeam "Ford-Schachfreunde Köln e.V."]
[BlackTeam "VfB Hermsdorf e.V."]
[WhiteTeamCountry "GER"]
[BlackTeamCountry "GER"]

1. d4 Nf6 2. Nf3 c5 3. e3 g6 4. c3 Bg7 5. Bd3 O-O 6. O-O cxd4 7. exd4 d6 8. Qc2
b6 9. Nbd2 Bb7 10. Ne4 Nbd7 11. Re1 Re8 12. Bd2 Qc7 13. Rac1 Rac8 14. Qb3 Nxe4
15. Bxe4 Bxe4 16. Rxe4 e6 17. Re2 d5 18. Rce1 Qc4 19. Bf4 a5 20. Qxc4 Rxc4 21.
Nd2 Rcc8 22. a4 Red8 23. Bg5 Bf6 24. Bf4 Nf8 25. Nf3 Be7 26. Ra1 f6 27. h4 h5
28. Kf1 Kf7 29. Ke1 Rd7 30. Kd2 Rb7 31. Kc2 Rc6 32. Ree1 Nd7 33. Rg1 Rc8 34. g4
hxg4 35. Rxg4 Rh8 36. Rgg1 Rh5 37. Bg3 Rf5 38. Nd2 Rh5 39. Rh1 Bf8 40. Rae1 Be7
41. Nf3 Bd8 42. Rhg1 Be7 43. Re2 Rf5 44. Ne1 Rh5 45. Ng2 e5 46. dxe5 fxe5 47.
Rd1 d4 48. cxd4 exd4 49. Rxd4 b5 50. Kb1 Bf6 51. Rf4 bxa4 52. Rxa4 Rhb5 53. Ra2
a4 54. Bd6 Rd5 55. Bf4 Rb4 56. Ne3 Rdb5 57. Bd6 Rxh4 58. Kc2 Ne5 59. Bxe5 Bxe5
60. Nd1 Rc4+ 61. Nc3 Bxc3 62. bxc3 Rbc5 63. Re3 Rf4 64. Kd3 Rcf5 65. c4 Rxf2
66. Rxa4 R2f3 67. Rxf3 Rxf3+ 68. Kd4 Rf1 69. Kd5 g5 70. c5 Rd1+ 71. Kc6 Ke6 72.
Kb7 Rb1+ 73. Kc7 Kf5 74. c6 g4 75. Kd6 Rd1+ 76. Kc5 Rc1+ 1/2-1/2

[Event "Schachfestival 2014 - Senioren"]
[Site "Woerishofen Bad"]
[Date "2014.03.28"]
[Round "8.20"]
[White "Mentel, Juergen"]
[Black "Thieme, Wolfgang"]
[Result "1/2-1/2"]
[WhiteElo "2014"]
[BlackElo "1911"]
[PlyCount "49"]
[EventDate "2014.03.21"]
[EventType "swiss"]
[EventCountry "GER"]
[WhiteTeam "Greifswalder SV"]
[BlackTeam "Schachclub Bayer Uerdingen 1923"]
[WhiteTeamCountry "GER"]
[BlackTeamCountry "GER"]

1. e4 c5 2. Nf3 e6 3. Nc3 b6 4. d4 cxd4 5. Nxd4 Bb7 6. Nb3 Nf6 7. Bd3 Nc6 8. f3
d5 9. exd5 Nxd5 10. Ne4 Qc7 11. a3 Rd8 12. g3 Be7 13. Qe2 O-O 14. O-O Ne5 15.
Nf2 Nxd3 16. Nxd3 Bf6 17. Nb4 Rc8 18. c3 a5 19. Nc2 e5 20. a4 Rfe8 21. Ne3 g6
22. Ng4 Bg7 23. Rd1 Nf6 24. Nxf6+ Bxf6 25. Be3 1/2-1/2